000 00250nam a2200109Ia 4500
008 170627s9999 xx 000 0 und d
100 _aBODHANWALA
245 0 _aUNDRESTANDING AND ANALYZING BALANCE
260 _bPHI
260 _c2005
546 _aENGLISH
690 _aACCOUNTING
999 _c35453
_d35453